000 00467nam a22001457a 4500
003 macl
005 20151105140050.0
008 151105b xxu||||| |||| 00| 0 eng d
040 _cmacl
041 _aHindi
100 _aप्रणव पाण्‍डेय
_917306
245 _aभारतीय कला एवं संस्‍कति
260 _aमेरठ
_bअरिहन्‍त पब्लिकेशन्‍स
_c2015
942 _2ddc
_cHIN
999 _c50544
_d50544